Find the Cartoon Mice Quiz Stats

 Plays Quiz Updated Apr 30, 2018

Challenge
Share
Tweet
Score 0/40 Timer 07:00
6 Plays Today
% Correct
Mickey Mouse
91.1%
Minnie Mouse
90.8%
Angelina
Ballerina
86.5%
Mighty Mouse
85.5%
Speedy
Gonzales
81.8%
Queen
Mousetoria
80.9%
Brain
79.8%
Stuart Little
79.1%
Jerry Mouse
78.6%
Pixie and Dixie
77.8%
Pinky
74.7%
Itchy
73.9%
Miss Bianca
66.9%
Gus
66.2%
Motormouse
64.8%
Fievel
Mousekewitz
61.7%
Despereaux
61.3%
Basil
of Baker Street
59.8%
Roddy
St. James
56.4%
Bert and Mert
54.2%
% Correct
Hubie and Bertie
52.5%
Danger
Mouse
48.6%
Perla
48.2%
Jaq
46.7%
Timothy
Q. Mouse
45.3%
Cholena
44.3%
Bernard
43.6%
Mushmouse
38.7%
Mrs. Frisby
(a.k.a Mrs. Brisby)
38.3%
Mortimer
Mouse
38.3%
Monterey Jack
36.3%
Sniffles
34.8%
Gadget
Hackwrench
34.8%
Geronimo
Stilton
33.5%
Nibbles
(a.k.a. Tuffy)
32.7%
David
Q. Dawson
32.1%
Savoir Faire
31.3%
Roquefort
the Mouse
30.8%
Herman
27.9%
Blabber
Mouse
20.9%

You're not logged in!

Compare scores with friends on all Sporcle quizzes.
OR
Log In

You Might Also Like...

Show Comments

Extras

Top Quizzes Today


Score Distribution

Your Account Isn't Verified!

In order to create a playlist on Sporcle, you need to verify the email address you used during registration. Go to your Sporcle Settings to finish the process.

Report this User

Report this user for behavior that violates our Community Guidelines.

Details: